00690nam a2200241 a 4500001001300000003000900013005001700022008004100039020001000080082001600090100001800106245005200124260003000176300000900206500003500215505001200250650002200262700001800284902000800302942000700310952011600317999001500433nice12345678IN_TiNIC20260116011755.0050524s1979 dela grp 000 0 eng  ac10000a297.63bPOO aPoole, S Lane aSpeeches and Table Talk of the Prophet Mohammad aDelhibKitab Bhavanc1979 a190p aincludes index and biblioraphy2 a3 parts aMuhammad, Prophet1 aPoole, S Lane bSRS cBK 001040708StackRoom-aHMIbHMId2007-07-10g100.00l0o297.63 POOp09900r2007-07-10v100.00w2005-05-24yBK c3866d3866